CAD integrated machining cost estimation and optimisation /
Saved in:
| Main Author: | |
|---|---|
| Format: | Thesis Book |
| Language: | English |
| Published: |
1995.
|
| Subjects: | |
| Tags: |
Add Tag
No Tags, Be the first to tag this record!
|
| LEADER | 00767cam a2200229 a 4500 | ||
|---|---|---|---|
| 001 | u378533 | ||
| 003 | SIRSI | ||
| 008 | 950109s1995 si v 00 1 eng m | ||
| 035 | |a ABW-9154 | ||
| 040 | |a UMM | ||
| 090 | |a TJ1185 |b Jos | ||
| 100 | 1 | 0 | |a Joseph, Ladislaus A. |
| 245 | 1 | 0 | |a CAD integrated machining cost estimation and optimisation / |c by Joseph Ladislaus A. |
| 260 | |c 1995. | ||
| 300 | |a vii, 74 leaves : |b ill. ; |c 30 cm. | ||
| 502 | |a Dissertation (M.Sc.) -- National University of Singapore, 1995. | ||
| 504 | |a Bibliography: leaves 70-74. | ||
| 650 | 0 | |a Machining |v Handbooks, manuals, etc. |x Automation. | |
| 650 | 0 | |a CAD/CAM systems. | |
| 948 | |a 08/08/1995 |b 25/11/2000 | ||
| 596 | |a 1 | ||
| 999 | |a F TJ1185 JOS |w LC |c 1 |i A504951566 |l STACKS |m P01UTAMA |r Y |s Y |t TESIS |u 15/8/1995 | ||
